000 01557cam a2200241 4500
001 ABS66487
008 030228n2003 000 0 eng u
035 _a(Sirsi) u121466
245 2 _aA step change in controls on landfill gas emissions
260 _c2003
490 _aENDS Report
_v(336) January 2003, 24-28(5)
520 _aThe waste management industry is preparing for new challenges in controlling landfill gas hazards as sites fall under the new pollution prevention and control (PPC) regime. Alongside measures to reduce methane emissions, operators will now have to confront long neglected issues linked to trace landfill gas compounds and combustion by-products. New requirements to monitor and control emissions from flares and power plants are set to increase operating costs - and some upgrading of existing systems is also likely. The process, while adding to public awareness of air quality issues around landfills, should also deliver reassurance that regulators are responding to recent research into possible health impacts. Emerging as a cause of concern, however, is the continual absence of any programme to tackle closed sites. Tables and graph [Taken from journal headnote].
590 _aABS
650 _aGAS EMISSIONS
650 _aENVIRONMENT AGENCY
650 _aLANDFILL GAS
650 _aLANDFILL GAS FLARES
650 _aINTEGRATED POLLUTION PREVENTION AND CONTROL
650 _aLANDFILL SITES
650 _aEMISSION CONTROLS
690 _aENVIRONMENTAL AND LAND CONSULTANCY-WASTE MANAGEMENT
942 _n0
999 _c72184
_d72184